00701nam a22002057a 450000500170000001000150001702000260003203500140005803700090007208200090008110000370009024500490012725000060017626000340018227000700021630000200028694200200030699900190032695201500034520260529144832.0 aENG-148680 a9789347590764c225.00 aEN-132212 bDBAD aS21 aBurnett, Frances Hodgson 987804 aThe Secret Garden/ cFrances Hodgson Burnett a1 aChandigarhbThe Browserc2026 bChandigarhaSCO 14-15, Sector 8-Ce160009mservice@thebrowser.org a209p.c20cm(pb) 2ddccENhSmBUR c216404d216404 001040708FICaTNbTNd2026-05-29eDelivery of Books Act Divisiong225.00l0oS BURpEN-132212r2026-05-29 14:48:54t 1v225.00w2026-05-29yEN